Tuyển tập công trình nghiên cứu bảo vệ thực vật 2000 - 2002
में बचाया:
| मुख्य लेखक: | |
|---|---|
| स्वरूप: | पुस्तक |
| भाषा: | Undetermined |
| प्रकाशित: |
H.
Nông Nghiệp
2002
|
| विषय: | |
| टैग : |
टैग जोड़ें
कोई टैग नहीं, इस रिकॉर्ड को टैग करने वाले पहले व्यक्ति बनें!
|
| Thư viện lưu trữ: | Trung tâm Học liệu Trường Đại học Cần Thơ |
|---|
| LEADER | 00580nam a2200193Ia 4500 | ||
|---|---|---|---|
| 001 | CTU_58661 | ||
| 008 | 210402s9999 xx 000 0 und d | ||
| 020 | |b 21000 | ||
| 082 | |a 632.9 | ||
| 082 | |b T527 | ||
| 100 | |a Hà Minh Trung ... [et al.] | ||
| 245 | 0 | |a Tuyển tập công trình nghiên cứu bảo vệ thực vật 2000 - 2002 | |
| 245 | 0 | |c Hà Minh Trung ... [et al.] | |
| 260 | |a H. | ||
| 260 | |b Nông Nghiệp | ||
| 260 | |c 2002 | ||
| 650 | |a plants, protection of | ||
| 904 | |i Minh | ||
| 980 | |a Trung tâm Học liệu Trường Đại học Cần Thơ | ||